000 00392nam a2200181Ia 4500
001 10087
005 20260306161806.0
008 260306t1991||||xx |||||||||||||| ||spa||
041 _aESP
082 _a883.1
_bD56
100 _aDemóstenes
_eAUT
245 0 _aDiscursos texto impreso
260 _c1991
300 _a
_c
650 _aGEN
654 _aCHU
942 _cLIB
_dJUS
_fJUS
_2ddc
_n
999 _c10087
_d10087